AJR - Joe Lyrics - Statistics

General Stats
  • This quiz has been taken 25 times
  • The average score is 250 of 337
Answer Stats
Answer % Correct
a
100%
be
100%
do
100%
I
100%
in
100%
Joe,
100%
you
100%
you,
100%
at
92%
cool?
92%
cool
92%
don't
92%
(Dont
92%
go
92%
I'm
92%
last
92%
Laugh
92%
me
92%
name?
92%
name
92%
no
92%
Now
92%
now
92%
of
92%
then
92%
think
92%
an
85%
back
85%
by
85%
God
85%
grade
85%
He
85%
he
85%
is
85%
lame
85%
laughed
85%
laughed,
85%
Met,
85%
my
85%
Remember
85%
to
85%
'09
77%
and
77%
And
77%
believed
77%
could
77%
eighth
77%
ever
77%
less
77%
on
77%
school
77%
so
77%
that
77%
the
77%
when
77%
all
69%
but
69%
But
69%
day
69%
even
69%
got
69%
had
69%
have
69%
how
69%
lot
69%
smoke
69%
Always
62%
hang,
62%
her
62%
I'll
62%
joke,
62%
out
62%
play
62%
Should
62%
shows
62%
shows,
62%
still
62%
stuff
62%
this
62%
time
62%
too
62%
up
62%
up)
62%
use
62%
your
62%
Belarus,
54%
couple
54%
down
54%
friends
54%
it
54%
It
54%
jokes
54%
Joseph,
54%
Joseph
54%
left
54%
make
54%
much
54%
real
54%
they
54%
way
54%
won't
54%
Yeah,
54%
years,
54%
call
46%
change
46%
come
46%
come)
46%
dumb,
46%
dumb
46%
great
46%
here
46%
I've
46%
Look
46%
lotta
46%
outta
46%
reply,
46%
take
46%
thought
46%
you'll
46%
backpack
38%
can't
38%
care
38%
just
38%
Maybe
38%
new
38%
off
38%
played
38%
put
38%
song
38%
tell
38%
thumbed
38%
(Thumbed
38%
where
38%
with
38%
as
31%
little
31%
love
31%
love)
31%
mind,
31%
she
31%
would
31%
you'd
31%
coast
23%
comes
23%
Every
23%
fake
23%
feel
23%
found
23%
(Found
23%
not
23%
Proud
23%
strange
23%
took
23%
while,
23%
wrote
23%
feels
15%
songs
15%
Probably
8%
No matching quizzes found
Score Distribution
Percent of People with Each Score
Percentile by Number Answered
Your Score History
You have not taken this quiz